| 000 | 00581nam a22001817a 4500 | ||
|---|---|---|---|
| 005 | 20251108164100.0 | ||
| 008 | 250721s1983 xx 000 0 ara d | ||
| 082 | 1 | 4 | _a216,916/عيد |
| 100 | 1 | _aأبو عيد، عارف خليل | |
| 245 | 1 | 0 | _aالعلاقات الخارجية في دول الخلافة / |
| 264 | 1 |
_aالكويت : _bدار الأرقم للنشر والتوزيع، _c1983. |
|
| 300 | _a326ص | ||
| 650 | 1 | 7 | _aالعلاقات الدولية |
| 650 | 1 | 7 | _aالإسلام |
| 650 | 1 | 7 | _aالأحكام السلطانية |
| 942 |
_2ddc _cBK |
||
| 999 |
_c3128 _d3128 |
||